000 00277nam a22001337a 4500
003 SGT
082 _a611
_bB11O
100 _aOOMMEN,ANITHA
245 _aBASIC ANATOMY: LOWER LIMB
260 _aDELHI
_bANE BOOKS
_c2011
300 _a139
650 _aANATOMY
942 _2ddc
_cBK
_02
999 _c8700
_d8700